Plats avec du Vin - Mort Subite - Statistiques

Statistiques générales
  • Ce quiz a été pris 270 fois
  • Le résultat moyen est 6 sur 16
Answers on the Grid
Answers color-coded by a green-red scale on the quiz's grid according to % correct below.
Coq au vin
Mousse de foie de canard au porto
Œufs en meurette / Œufs en matelote
Bœuf bourguignon
Gardiane / Gardianne
Daube avignonnaise
Fondue vigneronne
Tournedos Rossini
Poulet à la cacciatore
Civet de cerf
Lapin chasseur
Poire à la beaujolaise
Risotto
Moules marinières
Sabayon
Osso buco
Escalope à la milanaise
Banane flambée
Fettuccine Alfredo
Œufs mimosa
Tarte au citron
Mafé
Øllebrød
Poulet moambe
Bifteck à la florentine
Philly cheesesteak
Carbonade flamande
Salade grecque
 
Statistiques - réponses
Réponse % Correct
Bœuf bourguignon
74%
Coq au vin
73%
Civet de cerf
50%
Mousse de foie de canard au porto
50%
Fondue vigneronne
48%
Moules marinières
47%
Poire à la beaujolaise
46%
Lapin chasseur
43%
Osso buco
34%
Risotto
34%
Daube avignonnaise
31%
Œufs en meurette / Œufs en matelote
23%
Tournedos Rossini
20%
Poulet à la cacciatore
16%
Sabayon
16%
Gardiane / Gardianne
15%
Aucun quiz correspondant
Distribution des résultats
% des personnes avec chaque résultat
Percentile par nombre de réponses
Votre historique - résultats
Vous n’avez pas pris ce quiz